Rappers with a #1 Hit (US) - Statistics

General Stats
  • This quiz has been taken 372 times
    346 since last reset
  • The average score is 30 of 73
Answer Stats
Year Artist First #1 Hit % Correct
2018 Travis Scott Sicko Mode
88%
2002 Eminem Lose Yourself
85%
2019 Lil Nas X Old Town Road
85%
2016 Drake One Dance
84%
2017 Kendrick Lamar Humble.
84%
2003 50 Cent In da Club
82%
1996 2pac How Do U Want It / California Love
80%
2005 Kanye West Gold Digger
78%
2018 XXXTENTACION Sad!
78%
2009 Jay-Z Empire State of Mind
77%
2017 Post Malone Rockstar
77%
2020 Roddy Ricch The Box
76%
2004 Snoop Dogg Drop It Like It's Hot
75%
2017 Cardi B Bodak Yellow
68%
1997 The Notorious B.I.G. Hypnotize
68%
1995 Coolio Gangsta's Paradise
66%
2017 Migos Bad and Boujee
66%
2001 Outkast Ms. Jackson
64%
2018 Childish Gambino This Is America
62%
2022 Jack Harlow First Class
61%
2016 Desiigner Panda
59%
2014 Pharrell Williams Happy
58%
2013 Macklemore & Ryan Lewis Thrift Shop
57%
2011 Wiz Khalifa Black and Yellow
55%
2020 DaBaby Rockstar
54%
2020 Doja Cat Say So
54%
2008 Lil Wayne Lollipop
54%
1990 Vanilla Ice Ice Ice Baby
53%
2007 Soulja Boy Tell 'Em Crank That
48%
2022 Future Wait For U
47%
2020 Nicki Minaj Trollz
47%
2021 Polo G Rapstar
47%
2009 Dr. Dre Crack A Bottle
46%
2016 Rae Sremmurd Black Beatles
46%
2021 The Kid LAROI Stay
44%
2020 Kid Cudi The Scotts
41%
2020 Megan Thee Stallion Savage
41%
2002 Nelly Hot In Herre
39%
2020 24kGoldn Mood
38%
2017 Daddy Yankee Despacito
34%
2009 Black Eyed Peas Boom Boom Pow
31%
2020 6ix9ine Trollz
30%
2021 Anderson .Paak Leave the Door Open
29%
2008 Flo Rida Low
29%
2014 Iggy Azalea Fancy
29%
1998 Lauryn Hill Doo Wop (That Thing)
29%
2007 Sean Kingston Beautiful Girls
29%
2019 Lizzo Truth Hurts
27%
2011 Pitbull Give Me Everything
23%
2008 T.I. Whatever You Like
23%
2007 T-Pain Buy U a Drank (Shawty Snappin')
23%
1998 Will Smith Gettin' Jiggy Wit It
21%
2018 Bad Bunny I Like It
20%
2010 B.o.B Nothin' on You
20%
2006 Chamillionaire Ridin'
19%
1992 Sir Mix-a-Lot Baby Got Back
17%
2003 Ludacris Stand Up
15%
2010 Far East Movement Like a G6
14%
2004 Twista Slow Jamz
14%
1992 Kriss Kross Jump
13%
1997 Puff Daddy Can't Nobody Hold Me Down
13%
2007 Timbaland Give It to Me
11%
2002 Ja Rule Always On Time
9%
2018 J Balvin I Like It
9%
1996 Bone Thugs-n-Harmony Tha Crossroads
8%
2001 Crazy Town Butterfly
8%
1991 Marky Mark and the Funky Bunch Good Vibrations
8%
2004 Terror Squad Lean Back
8%
2006 D4L Laffy Taffy
6%
2007 Mims This Is Why I'm Hot
6%
1993 Snow Informer
6%
2004 Juvenile Slow Motion
4%
1991 P.M. Dawn Set Adrift on Memory Bliss
3%
No matching quizzes found
Score Distribution
Percent of People with Each Score
Percentile by Number Answered
Your Score History
You have not taken this quiz since the last reset